| 000 | 02489cam a22004934i 4500 | ||
|---|---|---|---|
| 003 | PE-LiUPU | ||
| 005 | 20250731173402.0 | ||
| 008 | 150706s2006 sp rb 000 0 spa d | ||
| 020 | _a9788482675022 | ||
| 035 | _a(Sirsi) i9788482675022 | ||
| 040 |
_aPE-LiUPU _bspa _cPE-LiUPU _erda |
||
| 049 | _aPRUA | ||
| 082 | 0 | 4 |
_a248.4071 _bO37 _221 |
| 100 | 1 |
_aOgden, Gregory J., _eautor. |
|
| 245 | 1 | 0 |
_aManual del discipulado : _bcreciendo y ayudando a otros a crecer / _cGregory J. Ogden ; [traducción, Dorcas González Ballester] . |
| 264 | 1 |
_aViladecavalls : _bClie, _c2006. |
|
| 300 |
_a289 páginas ; _c23 centímetros. |
||
| 336 |
_atext _2rdacontent |
||
| 337 |
_aunmediated _2rdamedia |
||
| 338 |
_avolume _2rdacarrier |
||
| 490 | 0 |
_aColección teológica contemporánea. Estudios ministeriales ; _v20 |
|
| 504 | _aIncluye bibliografía en español e inglés. | ||
| 505 | 0 | _aCreciendo en Cristo -- Hacer discípulos -- Ser un discípulo -- El tiempo devocional -- El estudio bíblico -- La oración -- La adoración -- Entendiendo el mensaje de Cristo -- Dios en tres personas -- Hechos a imagen de Dios ¿Cómo vamos? revisión del pacto -- El pecado -- La gracia -- La redención -- La justificación -- La adopción -- Siendo como Cristo -- Llenos del Espíritu Santo -- El fruto del Espíritu Santo -- La confianza ¿Cómo vamos? revisión del pacto -- El amor -- La justicia -- El testimonio -- Sirviendo a Cristo -- La iglesia -- Los dones ministeriales -- La guerra espiritual -- Andar en obediencia -- Compartir la riqueza espiritual -- Construye un ministerio de discipulado. | |
| 526 | _aSEG42 | ||
| 526 | _aSEG41 | ||
| 526 | _aSEG40 | ||
| 526 | _aSEG39 | ||
| 526 | _aP94 | ||
| 526 | _aP87 | ||
| 526 | _aP86 | ||
| 526 | _aP85 | ||
| 526 | _aP77 | ||
| 526 | _aP76 | ||
| 526 | _aP35 | ||
| 541 | _g001-0000515; | ||
| 650 | 0 | 4 | _aVida cristiana. |
| 650 | 0 | 4 | _aCrecimiento de la Iglesia. |
| 700 | 1 |
_aGónzales Bataller, Dorcas, _etraductor |
|
| 942 |
_2ddc _cBOOK |
||
| 949 |
_a248.4071 O37 _wDEWEY _c1 _i63093 _lCCODEBUL1 _mBUL _p16.00 _r0 _sY _tBOOK _u2015-7-6 _xTEOLOGIA _PP35 _o.STAFF. Colección Teología |
||
| 994 |
_aC0 _bPEPRU |
||
| 596 | _a1 | ||
| 999 |
_a248.4071 O37 _wDEWEY _c52108 _i63093 _d52108 _e2019-5-14 _f2021-11-10 _g5 _lCCODEBUL1 _mBUL _n21 _p16.00 _q7 _r0 _sY _tBOOK _u2015-7-6 _xTEOLOGIA _PP35 _0COMPRA _o.STAFF. Colección Teología |
||
| 980 |
_81 _gALBERTO SANCHEZ Responsable de Automatización |
||